[Event "Catalunya-chT"]
[Site "Spain"]
[Date "2004.??.??"]
[Round "9"]
[White "Guixa Ribes, Josep"]
[Black "Cavalle Monne, S."]
[Result "1-0"]
[WhiteElo "2050"]
[BlackElo "1995"]
[PlyCount "53"]
[EventDate "2004.??.??"]
[EventType "team"]
[EventRounds "9"]
[EventCountry "ESP"]
[SourceTitle "EXT 2007"]
[Source "ChessBase"]
[SourceDate "2006.11.23"]
[SourceVersion "1"]
[SourceVersionDate "2006.11.23"]
[SourceQuality "1"]

1. c4 e5 2. Nc3 Nf6 3. g3 d5 4. cxd5 Nxd5 5. Bg2 c6 6. e3 Bf5 7. e4 Nxc3 8. bxc3 Be6 9. Nf3 Nd7 10. 0-0 f6 11. d4 Bc4 12. Re1 Bd6 13. Nh4 exd4 14. Nf5 Bf8 15. cxd4 g6 16. Ne3 Bf7 17. d5 Bg7 18. dxc6 bxc6 19. Ba3 Rc8 20. Bh3 Bf8 21. Bxf8 Rxf8 22. Qa4 Rc7 23. Rad1 Qe7 24. Bxd7+ Rxd7 25. Qxc6 Bxa2 26. Nd5 Qf7 27. Nxf6+ 1-0